00425nam a2200157Ia 450000500170000000800410001702000150005805000290007310000200010224500520012226000380017430000340021244000060024652100070025252600080025920140311163135.0140130s9999 xx 000 0 und d a0590441647 aPN 6728.C34b.W3876 1990 aWatterson, Bill cWatterson, BillaWeirdos from another planet! / bScholastic,c1990.aKansas City : a127 p. :bcol. ill. ;c23 cm. v1 aG2 c390